| 000 | 00743cam a22002534a 4500 | ||
|---|---|---|---|
| 999 |
_c1710 _d1710 |
||
| 001 | 8894 | ||
| 003 | BD-DhUAP | ||
| 005 | 20200212151428.0 | ||
| 008 | 200212s1986 bg l 001 0 eng | ||
| 040 |
_aBD-DhUAP _cBD-DhUAP _bEng |
||
| 042 | _alcode | ||
| 043 | _aa-bg--- | ||
| 082 |
_223 _a347.052 LIM |
||
| 245 | 1 | 0 |
_aThe Limitation Act : _b(IX of 1908) with up-to-date amendments & exhaustive case-laws. |
| 250 | _a2nd ed. | ||
| 260 |
_aDhaka : _bDhaka law reports, _cc1986. |
||
| 300 |
_a391 pages ; _c26 cm. |
||
| 500 | _aIncludes index. | ||
| 520 | _aWith latest amendments and up-to-date case laws. | ||
| 650 | 0 |
_aLimitation of actions _zBangladesh. |
|
| 710 | _aDhaka law reports | ||
| 942 |
_2ddc _cBK |
||